All tracks in Formula 1 ever - Statistics

General Stats
  • This quiz has been taken 2,186 times
    1,696 since last reset
  • The average score is 39 of 77
Answer Stats
# of races Country Answer % Correct
73 Italy Autodromo Nazionale Monza
98%
69 Monaco Circuit de Monaco
98%
56 Belgium Circuit de Spa-Francorchamps
97%
58 Great Britain Silverstone Circuit
97%
30 Italy Autodromo Enzo e Dino Ferrari
89%
33 Japan Suzuka Circuit
89%
33 Spain Circuit de Barcelona-Catalunya
88%
37 Austria Red Bull Ring
87%
38 Hungary Hungaroring
85%
33 Netherlands Circuit Zandvoort
84%
42 Canada Circuit Gilles Villeneuve
83%
41 Germany Nürburgring
83%
37 Germany Hockenheimring
82%
40 Brazil Autódromo José Carlos Pace
81%
11 United States Circuit of the Americas
79%
26 Australia Albert Park Circuit
78%
20 Bahrain Bahrain International Circuit
78%
1 United States Las Vegas Strip Circuit
78%
2 United States Miami International Autodrome
77%
7 Azerbaijan Baku City Circuit
74%
16 China Shanghai International Circuit
70%
15 United Arab Emirates Yas Marina Circuit
70%
18 France Circuit Paul Ricard
68%
23 Mexico Autódromo Hermanos Rodríguez
67%
19 United States Indianapolis Motor Speedway
66%
14 Singapore Marina Bay Street Circuit
66%
19 Malaysia Sepang International Circuit
64%
8 Russia Sochi Autodrom
64%
3 India Buddh International Circuit
61%
3 Saudi Arabia Jeddah Corniche Circuit
61%
2 Portugal Algarve International Circuit
60%
9 Turkey Istanbul Park
59%
20 South Africa Kyalami Racing Circuit
59%
4 Japan Fuji Speedway
56%
11 Australia Adelaide Street Circuit
55%
14 Great Britain Brands Hatch
55%
18 France Circuit de Nevers Magny-Cours
54%
13 Portugal Autódromo de Estoril
48%
7 Spain Circuito de Jerez
48%
5 Spain Valencia Street Circuit
47%
7 United States Detroit Street Circuit
46%
1 Italy Mugello Circuit
45%
1 France Bugatti Circuit
43%
2 Qatar Losail International Circuit
43%
10 Belgium Circuit Zolder
42%
20 United States Watkins Glen
42%
1 Great Britain Donington Park
40%
4 South Korea Korea International Circuit
40%
1 United States Dallas Grand Prix Circuit
35%
8 United States Long Beach Street Circuit
35%
2 United States Caesars Palace Grand Prix Circuit
33%
1 Germany AVUS
31%
10 Brazil Autódromo Internacional Nelson Piquet
30%
6 France Dijon-Prenois
30%
3 United States Phoenix street circuit
30%
6 Sweden Scandinavian Raceway
29%
1 Italy Pescara Circuit
28%
9 Spain Circuito del Jarama
27%
11 France Reims-Gueux
26%
1 United States Sebring International Raceway
25%
20 Argentina Autódromo Juan y Oscar Gálvez
24%
1 Austria Zeltweg Airfield
24%
5 Great Britain Aintree Motor Racing Circuit
23%
8 Canada Mosport International Raceway
23%
2 Japan Okayama International Circuit
23%
4 Spain Montjuïc circuit
21%
5 Switzerland Circuit Bremgarten
19%
5 France Rouen-Les-Essarts
19%
1 Morocco Ain-Diab Circuit
18%
1 United States Riverside International Raceway
17%
2 Canada Circuit Mont-Tremblant
16%
3 South Africa Prince George Circuit
16%
2 Belgium Nivelles-Baulers
15%
4 France Charade Circuit
14%
2 Portugal Circuito de Boavista
12%
1 Portugal Circuito de Monsanto
10%
2 Spain Pedrables Circuit
6%
No matching quizzes found
Score Distribution
Percent of People with Each Score
Percentile by Number Answered
Your Score History
You have not taken this quiz since the last reset